Play and Practice

Salvato in:
Dettagli Bibliografici
Autore principale: Chamberlin, Anthony
Natura: Libro
Lingua:Undetermined
Pubblicazione: Estados Unidos National Textbook Company 1985
Soggetti:
Tags: Aggiungi Tag
Nessun Tag, puoi essere il primo ad aggiungerne!!

MARC

LEADER 00000nam a2200000Ia 4500
008 170316s9999 xx 000 0 und d
090 |a 410 Ch-2p 
100 |a Chamberlin, Anthony 
245 |a Play and Practice 
260 |a Estados Unidos 
260 |b National Textbook Company 
260 |c 1985 
300 |a 115 páginas 
650 |a LINGÜÍSTICA 
999 |c 18314  |d 18314 
040 |a cru BVZT 
942 |c 15 D  |h 410 Ch-2p  |2 z